00466nam a22001697a 450000500170000001000150001702000260003203500140005803700090007208200110008110000170009224500310010925000060014026000490014627000810019530000200027620260602105929.0 aENG-148698 a9788119670826c450.00 aEN-132230 bDBAD a92021 aKalra, Aruna aI Want A Boy/cAruna Kalra a1 aNew Delhi bVitasta Publishing Pvt Ltdc2024 a2/15, Ansari Road daryaganj,bNew Delhi e110002minfo@vitastapublishing.com a276p.c21cm(pb)